[Event "Mechanics' Shipman TNM; G/2 d/5"]
[Site "San Francisco"]
[Date "2018.09.25"]
[Round "8.1"]
[White "Chambers, Ezra"]
[Black "Clemens, Kristian"]
[Result "1-0"]
[WhiteElo "2289"]
[BlackElo "2014"]
[Annotator "Winslow,Elliott"]
[PlyCount "101"]
[EventDate "2018.??.??"]
[Source "ChessBase"]
[SourceDate "2007.09.04"]

1. d4 d5 2. c4 e6 3. Nf3 Nf6 4. g3 dxc4 (4... Be7 5. Bg2 O-O 6. O-O {when both}
dxc4 {and the various "closed" lines are popular but don't do as well as the
earlier combative lines.} (6... c6) (6... Nbd7)) 5. Bg2 Nc6 {I thought this
was a minor sideline -- and it's the most popular move here in the 2018 Mega
Database! Not quite the best scoring, but everything's pretty close (to White
scoring a little over 50% that is).} (5... a6) (5... Be7) (5... Bb4+ 6. Bd2 a5
(6... c5)) (5... Bd7 $5 6. Ne5 Bc6 7. Nxc6 Nxc6) 6. O-O ({
Slightly more popular is} 6. Qa4 Bb4+ $1 (6... Bd7) ({Naiditsch is crazy about
} 6... Nd7 $5 7. Qxc4 Nb6) 7. Bd2 Nd5 (7... Bd6) 8. Bxb4 Ndxb4 9. O-O (9. a3 b5
10. Qxb5 Nc2+ 11. Kd2 Bd7 (11... Nxa1 12. Qxc6+ Bd7 13. Qxc4 c5 14. Qa2 Qa5+
15. Nc3 cxd4 16. Nxd4 Rd8 17. Rxa1 e5 {is yet another wild line that has
happened in, among others, Kasparov-Adams, Wijk aan Zee 2001.}))) 6... Be7 $2 {
This really does deserve the question mark, scoring over 30% worse. An
interesting indicator I've noticed, when wading through opening lines in
Chessbase's Mega databases, is that moment when all the annotated games
disappear. Nobody's interested in talking about this variation.} (6... Rb8 $1
7. Nc3 (7. a4) (7. e3 $5 b5)) 7. Qa4 (7. Nc3 $5) 7... O-O 8. Qxc4 Qd5 (8... Bd7
) 9. Qd3 Rd8 10. Nc3 Qa5 11. e4 $146 (11. Bf4 Bd6 12. Bd2 Bb4 13. a3 Bxc3 14.
Bxc3 Qf5 15. Rfd1 Qxd3 16. Rxd3 Nd5 17. Be1 b6 18. Rc1 Bb7 19. b4 a6 20. e4
Nde7 21. Rcd1 Rd6 22. Bd2 Rad8 23. Bf4 R6d7 24. d5 exd5 25. Bh3 f5 26. exf5 a5
27. b5 Na7 28. f6 gxf6 29. Be6+ Kg7 30. Bxd7 Rxd7 31. Nd4 Kf7 32. Be3 Nec8 33.
Bf4 Ne7 34. Rb1 Ng6 35. Rc3 Nxf4 36. gxf4 Ke7 37. Re1+ Kd8 38. Ne6+ Kc8 39.
Nxc7 Rg7+ 40. Kf1 d4 41. Rc4 Bg2+ 42. Ke2 Rxc7 43. Rxc7+ Kxc7 44. Rg1 Be4 45.
Rg7+ Kb8 46. a4 Bc2 47. Kd2 Bxa4 48. Rxh7 Bxb5 49. Rf7 a4 50. h4 a3 51. Rg7 a2
52. Rg1 Nc6 53. h5 Na5 54. Kc2 Bd7 55. h6 Bf5+ 56. Kb2 d3 57. Kxa2 d2 58. Kb2
Nc4+ 59. Kc3 b5 60. Kb3 Kc7 61. Kc3 Kd6 62. Kd4 Nb2 {
0-1 (62) Paci,C (2258)-Lenderman,A (2219) Budapest 2003}) 11... Nb4 12. Qe2 c5
13. dxc5 Bxc5 $2 $16 (13... b6 $1 $14) 14. Bg5 (14. a3 Nc6 15. b4 Bxb4 16. axb4
Qxa1 17. Bb2 Qa6 18. b5) 14... Be7 15. a3 Nc6 16. b4 Qc7 17. Rac1 Qd7 18. e5
Nd5 19. Nxd5 exd5 (19... Qxd5 $4 20. Bxe7 Nxe7 21. Rfd1) 20. Bf4 Qe8 21. Rfd1
Bg4 22. h3 Be6 23. Qe3 Nb8 24. Nd4 Nd7 25. Rc7 Rdb8 26. Bf1 Qd8 27. Qc3 Nb6 28.
h4 Rc8 29. Rc1 (29. Nxe6) 29... Nc4 $2 (29... Bd7 30. e6 fxe6 31. Qe3 Bf6 32.
Nxe6 Qe8 33. Rxc8 Rxc8 34. Nc5 Qxe3 35. Bxe3 Kf7 36. Nxb7 Rxc1 37. Bxc1 h6 $16)
30. Rxc8 $2 (30. Nxe6 fxe6 31. Rxb7 $18) 30... Rxc8 $14 31. Qb3 Nb6 $2 32. Rd1
$2 (32. Nxe6 fxe6 33. Qd1 $16) 32... a6 (32... Nc4) (32... Qe8) 33. Be3 $2 Qd7
$2 (33... Bg4 $11) (33... Nc4 $11) 34. Nxe6 $18 Qxe6 35. Kh2 (35. Bg2 $1) 35...
Rd8 36. Bh3 Qc6 37. Bd4 Nc4 38. f4 $2 (38. Re1) (38. e6 fxe6 39. Re1) 38... f6
$2 (38... Nxa3 $1) 39. exf6 (39. Rd3) (39. Qf3) 39... Bxf6 40. Bxf6 gxf6 41.
Bg2 Qe6 $2 (41... Kg7) 42. Rxd5 $1 $18 Rxd5 (42... Rc8 43. Rd2 (43. Rd3)) 43.
Qxc4 Rd6 44. Qxe6+ Rxe6 45. Bd5 Kf7 46. f5 Ke7 47. fxe6 b6 48. g4 h6 49. Kg3 a5
50. bxa5 bxa5 51. Kf4 1-0

[Event "Mechanics' Shipman TNM; G/2 d/5"]
[Site "San Francisco"]
[Date "2018.09.04"]
[Round "5.2"]
[White "Chambers, Ezra"]
[Black "Diaz, Conrado"]
[Result "1-0"]
[WhiteElo "2289"]
[BlackElo "2343"]
[Annotator "Winslow,Elliott"]
[PlyCount "89"]
[EventDate "2018.??.??"]
[Source "ChessBase"]
[SourceDate "2007.09.04"]

1. e4 e6 2. d4 d5 3. Nc3 Bb4 4. e5 c5 5. a3 Bxc3+ 6. bxc3 Ne7 7. h4 Nbc6 8. h5
h6 9. Qg4 Nf5 10. Bd3 Nce7 11. Qh3 (11. dxc5 $1 Qc7 12. Ne2 $1 Qxe5 13. Qh3 $1)
11... Nc6 (11... c4) 12. Nf3 Qa5 13. Bd2 (13. O-O Qxc3 $4 (13... b6) (13... c4)
(13... cxd4 $6 14. cxd4 Ncxd4 $4 15. Nxd4 Nxd4 16. Qg4) 14. Bd2) 13... c4 14.
Be2 $6 (14. Bxf5 exf5 15. Nh4 Ne7 16. Qg3 Kf8 17. a4 Be6 $14) 14... Bd7 (14...
Qa4 15. O-O (15. Ra2) 15... Qxc2 $5 16. Bd1 (16. a4) (16. Rfb1)) 15. a4 O-O-O
16. O-O g5 17. Rfd1 (17. hxg6 fxg6 18. Rfd1 g5 19. Nh2) 17... Rdf8 18. Nh2 f6
19. Ng4 (19. exf6 $11) 19... fxe5 20. dxe5 Rf7 21. Qh2 Rhf8 22. Kh1 a6 23. Bf1
Kb8 24. Be1 Qc5 25. f3 {[#]} Ne3 $4 (25... Qa5 $15 {/=}) 26. Qg1 $1 $18 Ka8 27.
Qxe3 Qxe3 28. Nxe3 Nxe5 29. Bg3 Nxf3 30. Bd6 Rc8 31. gxf3 Rxf3 32. Re1 Rc6 33.
Be5 Be8 34. Bg2 Rf2 35. Rf1 Re2 36. Rf8 Rc8 37. Ng4 b6 38. Bd4 Kb7 39. Rb1 b5
40. axb5 axb5 41. Ra1 Bxh5 42. Ra7+ Kb8 43. Rxc8+ Kxc8 44. Nf6 Bg6 45. Bb6 1-0

[Event "Mechanics' Bedjanian TNM; G/2 d/5"]
[Site "San Francisco"]
[Date "2018.10.23"]
[Round "1.1"]
[White "Chambers, Ezra"]
[Black "Francis, Daniel"]
[Result "1-0"]
[WhiteElo "2332"]
[BlackElo "1594"]
[PlyCount "51"]
[EventDate "2018.??.??"]
[Source "ChessBase"]
[SourceDate "2007.09.04"]

1. e4 c5 2. Nf3 g6 3. c3 Bg7 4. d4 cxd4 5. cxd4 d6 (5... d5) 6. Nc3 Nc6 7. d5
Ne5 8. Nxe5 Bxe5 9. Bd3 Bd7 10. O-O a6 11. f4 Bg7 12. Qe2 Qc7 13. Be3 b5 14.
Rac1 Qb7 15. e5 b4 16. Ne4 Qxd5 17. exd6 f5 18. Nc5 Qxd6 19. Rfd1 Bd4 20. Be4
Bb5 21. Qf2 fxe4 22. Rxd4 Qf6 23. Rxe4 Qf7 24. Ne6 Nf6 25. Re5 Ng4 26. Qf3 1-0

[Event "Mechanics' Bedjanian TNM; G/2 d/5"]
[Site "San Francisco"]
[Date "2018.12.11"]
[Round "8.1"]
[White "Chambers, Ezra"]
[Black "Ivanov, Aleksandr"]
[Result "1/2-1/2"]
[WhiteElo "2332"]
[BlackElo "2167"]
[PlyCount "38"]
[EventDate "2018.??.??"]
[Source "ChessBase"]
[SourceDate "2007.09.04"]

1. e4 e6 2. d4 d5 3. Bd3 dxe4 4. Bxe4 Nf6 5. Bf3 c5 6. Ne2 Nc6 7. Be3 cxd4 8.
Nxd4 Ne5 9. Nc3 Bb4 10. Ndb5 Bd7 11. O-O O-O 12. a3 Nxf3+ 13. Qxf3 Bc6 14. Qg3
Bxc3 15. Nxc3 Qa5 16. Rfd1 Qf5 17. Rd2 a6 18. Rad1 Rfe8 19. f3 Rac8 1/2-1/2

[Event "Mechanics' Vartan Bedjanian TNM; G/2 d/"]
[Site "San Francisco"]
[Date "2018.11.07"]
[Round "3.1"]
[White "Chambers, Ezra"]
[Black "Kuczek, Kevin W"]
[Result "1-0"]
[WhiteElo "2332"]
[BlackElo "1980"]
[PlyCount "49"]
[EventDate "2018.??.??"]
[Source "ChessBase"]
[SourceDate "2007.09.04"]

1. e4 e5 2. Nf3 Nc6 3. d4 exd4 4. Bc4 Be7 5. c3 d3 6. Qb3 Na5 7. Bxf7+ Kf8 8.
Qa4 Kxf7 9. Qxa5 d6 10. Qd5+ Be6 11. Qxd3 Bf6 12. O-O h6 13. Nd4 Bxd4 14. cxd4
Nf6 15. f4 g6 16. Nc3 Re8 17. f5 gxf5 18. Bxh6 Rg8 19. exf5 Bd5 20. Nxd5 Nxd5
21. f6 Rg6 22. Qb3 c6 23. Qxb7+ Nc7 24. Rae1 Rxf6 25. Bg5 1-0

[Event "Mechanics' Shipman TNM; G/2 d/5"]
[Site "San Francisco"]
[Date "2018.08.21"]
[Round "3.6"]
[White "Chambers, Ezra"]
[Black "Lesquillier, Walter"]
[Result "1-0"]
[WhiteElo "2289"]
[BlackElo "1671"]
[Annotator "Donaldson "]
[PlyCount "17"]
[EventDate "2018.??.??"]
[Source "ChessBase"]
[SourceDate "2007.09.04"]

1. e4 e5 2. Nf3 Nc6 3. Bb5 Nf6 4. O-O Be7 5. d4 Nxd4 6. Nxd4 exd4 7. e5 Ne4 8.
Qg4 Ng5 9. f4 {White is clearly better but resignation is premature. With 9...
c6 or 9...h5 Black can put up considerable resistance.} (9. f4 c6 10. Bd3 d6
11. Qe2 $1 (11. Qg3 Ne6 12. f5 Bh4 13. Qg4 h5 $14) 11... Ne6 12. f5 Nc5 13. f6
Bf8 14. exd6+ Be6 15. fxg7 Bxg7 16. Bf4 $16) 1-0

[Event "Mechanics' Bedjanian TNM; G/2 d/5"]
[Site "San Francisco"]
[Date "2018.11.20"]
[Round "5.1"]
[White "Chambers, Ezra"]
[Black "Shaw, Tenzing"]
[Result "1/2-1/2"]
[WhiteElo "2332"]
[BlackElo "2290"]
[PlyCount "44"]
[EventDate "2018.??.??"]
[Source "ChessBase"]
[SourceDate "2007.09.04"]

1. e4 e6 2. d4 d5 3. Nd2 Be7 4. e5 c5 5. c3 Nc6 6. Bd3 Nh6 7. Ndf3 Bd7 8. Ne2
cxd4 9. cxd4 f6 10. exf6 Bxf6 11. O-O Qb6 12. Bg5 Nf7 13. Bxf6 gxf6 14. Nf4
O-O-O 15. Re1 Nb4 16. Bf1 Qd6 17. Qd2 Nc6 18. Rac1 Kb8 19. Bb5 e5 20. dxe5
Nfxe5 21. Nxe5 Nxe5 22. Bxd7 Rxd7 1/2-1/2

[Event "Mechanics' Walter Shipman TNM G/2 d/5"]
[Site "San Francisco"]
[Date "2018.10.02"]
[Round "9.1"]
[White "Chambers, Ezra"]
[Black "Tsodikova, Natalya"]
[Result "0-1"]
[WhiteElo "2289"]
[BlackElo "2199"]
[Annotator "Winslow"]
[PlyCount "86"]
[EventDate "2018.??.??"]
[Source "ChessBase"]
[SourceDate "2007.09.04"]

1. e4 e5 2. Nf3 Nc6 3. Nc3 Nf6 {The Four Knights!} 4. Bb5 Nd4 {This has always
been given as "Rubinstein's Drawing Line," but after fifty years I still don't
know why.} 5. Ba4 Bc5 (5... c6 {Ernst} 6. d3 b5 7. Bb3 Nxb3 8. axb3 d6 9. O-O
Be7 10. Ne2 Bg4 $1 $10 {Nunn-Piket,Je/Wijk aan Zee/1993/}) 6. Nxe5 O-O 7. Nd3
Bb6 {Marshall: "I can't believe that White's position is worth an extra pawn."
Winslow: "I can't believe that Black's position is worth a pawn less."} 8. e5
Ne8 9. Nd5 (9. O-O f6 {0-1 (48) Kemeny,E-Marshall,F, St.Louis 1904}) 9... Qg5
$5 (9... d6 10. Ne3 {And White is okay In fact} c6 {
was 0.00 for a minute before} (10... Qh4 11. O-O Be6 12. c3 Ne2+ $1 (12... Nf5
13. Bb3 $16) 13. Kh1 Bxe3 14. dxe3 Nxc1 15. Rxc1 Rd8 16. Bb3 dxe5 17. Bxe6 fxe6
18. Qc2 $14 {Nunn-Christiansen, BRD 1991}) (10... dxe5 {Ernst} 11. Nxe5 Qg5 12.
N5c4 f5 13. f4 $1 Qxf4 14. c3 Ne6 15. d4 Qh4+ 16. g3 Qh3 17. Bb3 $16 {
Nunn-Nikolic,P/Wijk aan Zee/1993/}) 11. O-O (11. c3 $1 Nf5 (11... Ne6 12. Bc2
$1 dxe5 (12... Bc7 13. exd6 Qxd6 14. Nf5 $1 Qd8 15. O-O $16) 13. Nxe5 Bxe3 14.
dxe3 Qg5 15. Nf3 Qxg2 16. Rg1 Qh3 17. Rg3 Qh5 18. e4 Nf6 19. Qe2 Re8 20. Be3
Nf8 21. O-O-O $16 {Rodriguez,A-Armas,J Cuba 1992}) 12. O-O Bc7 13. f4 Nxe3 $1 (
13... dxe5 14. Nxe5 Nxe3 15. dxe3 $14 {Short-Speelman, London m/8 1991}) 14.
dxe3 Bf5 15. exd6 Nxd6 16. Ne5 Qe7 17. Qe2 Rad8 18. Nf3 c5 $44 {
xe4 Rodriguez,A-Perez,R Cuba 1992}) 11... Bc7 12. c3 {
started creeping up for White.} Ne6 $1 13. f4 dxe5 14. Nxe5 Nxf4 15. d4 Bxe5
16. dxe5 Qxd1 17. Bxd1 Nd3 18. Nc4 Be6 $6 (18... b6 $1 $10) 19. Na5 $14 {
Short-Speelman, London m/8 1991}) (9... c6 {is possible}) 10. Ne3 d6 11. exd6 (
11. f4 Qg6 (11... Qh4+ $2 12. g3 Qh3 13. Nf2 $16) 12. O-O f6 13. Kh1 $1 (13.
exd6 Nxd6 14. Nf2 N4f5 $44 {Short-Timman, Linares 1992}) 13... c6 14. b4 Nf5
15. Bb3+ Kh8 16. Qe1 $14 {Sax-Dreev, Tilburg 1992}) 11... Nxd6 12. O-O c5 $5 (
12... N4f5 13. Ne1 Nxe3 14. fxe3 Bg4 15. Nf3 Qe7 $5 {N} (15... Qh5 16. Qe1 c6 {
/\Hae8 Hubner} (16... c6 {Ernst} 17. Qg3 Rad8 18. d4 $14)) 16. Kh1 (16. Qe1 $5
c6 17. Qh4 $10) 16... f5 17. d3 $1 (17. Qe1 f4 $1 18. exf4 Qxe1 19. Rxe1 (19.
Nxe1 $2 Be2 $19) 19... Rxf4 20. Bb3+ Kh8 $44) (17. d4 c6 18. Qd3 Bc7 19. Bb3+
Kh8 20. Ne5 Bh5 21. Bd2 Ne4 $44) 17... Bxe3 18. Bxe3 Qxe3 19. Qe1 Qxe1 (19...
f4 $6 20. Qc3 Bxf3 $8 21. Rxf3 Qe7 22. Raf1 $16) 20. Raxe1 Bxf3 $8 {1-0 (54) Hj
artarson,J (2625)-Koch,J (2450) Reykjavik 1993 CBM 035 [Hjartarson, J]}) (12...
Bh3 $2 13. Kh1 $16 {Hubner}) (12... N6f5 $2 13. c3 Nxe3 14. dxe3 Bh3 15. Ne1
Nc6 16. Bxc6 $1 (16. e4 $2 Qg6 17. Kh1 Be6 18. Qe2 Ne5 $44 {
Nunn,J-Hubner,R Munchen 1991}) 16... bxc6 17. Kh1 Be6 18. Qe2 $16 {Hubner}) 13.
Ne1 $146 (13. c3 c4 14. Ne1 Ne6 15. d4 Qh4 16. Nf3 Qh5 17. Ne5 Qh4 18. Nd5 Bd8
19. Bc2 b5 20. Nf3 Qh5 21. Nf4 Nxf4 22. Bxf4 Qd5 23. Re1 f6 24. Nh4 a6 25. Bxd6
Qxd6 26. Qh5 f5 27. Nf3 g6 28. Qh6 Ra7 29. Qe3 Bf6 30. Ne5 Re7 31. f4 Rg7 32.
Bd1 g5 {1/2-1/2 (32) Karer,G (2000)-Rezonja,S (2195) Ljubljana 1998}) 13... Bc7
$6 14. c3 $16 b5 15. cxd4 cxd4 16. Nf3 Qc5 (16... Qd8) 17. b4 Qh5 $2 {[#]} (
17... Qc6 18. Nxd4 Qe4 19. Nxb5 Nxb5 20. Bb2 (20. Bxb5 Qe5) 20... Qxb4 21. Bb3
$16) 18. Bb3 $2 (18. Nxd4 $18) 18... dxe3 19. dxe3 Bb7 (19... Nc4 $142) 20. Nd4
Qh4 21. g3 $6 Qh3 22. f3 Rad8 23. Qe2 Rfe8 24. Qg2 (24. e4 $4 {[#]} Nxe4 $3 25.
fxe4 Rxe4 $19 26. Qf2 Kh8 27. Nf3 Rg4 28. Qg2 Bb6+ 29. Kh1 Rxg3 $3) (24. Qf2) (
24. Bb2) (24. a4) 24... Qh5 25. Bd2 Bb6 26. Rad1 Qe5 27. Qf2 h5 28. Bc1 Rc8 29.
Rfe1 Nc4 30. a4 a6 31. a5 Ba7 32. Ba2 Qf6 33. Kg2 Ne5 34. e4 Rxc1 35. Rxc1 Nd3
$19 36. Qc2 Nxc1 (36... Nxe1+ 37. Rxe1 Bxd4 38. Qc7 Rc8) 37. Rxc1 Bxd4 38. Qb3
Rc8 39. Rxc8+ Bxc8 40. Qd5 Be6 41. Qa8+ Kh7 42. Bb1 g6 43. Qxa6 Bh3+ 0-1

[Event "Mechanics' Spring TNM; G/2 d5"]
[Site "San Francisco"]
[Date "2018.04.10"]
[Round "4.2"]
[White "Chambers, Ezra P"]
[Black "Winslow, Elliott C"]
[Result "1/2-1/2"]
[WhiteElo "2275"]
[BlackElo "2323"]
[Annotator "Winslow,Elliott"]
[PlyCount "101"]
[EventDate "2018.??.??"]
[Source "ChessBase"]
[SourceDate "2007.09.04"]

1. e4 d6 2. d4 Nf6 3. Nc3 g6 4. f4 Bg7 5. Nf3 O-O 6. Bd3 Na6 7. O-O c5 8. d5
Bg4 (8... Rb8) (8... Nc7 $6) (8... e6 $5) 9. Bc4 (9. Kh1) (9. h3) (9. Qe1) (9.
a3) (9. Be3) 9... Nc7 (9... Rb8) 10. h3 Bxf3 11. Qxf3 Rb8 (11... a6 12. a4 b6
13. Qd3 Qc8 (13... Qb8) (13... e6)) (11... Nd7 12. a4 b6 $5 (12... a6 13. a5 b5
(13... Rb8 14. Na4 b5 15. axb6 Nxb6 16. Nxb6 Rxb6 17. Ra2 e6)) 13. Nb5 (13. Qd3
$5 a6 14. Bd2 (14. Be3 Qc8 15. Kh1 (15. Rad1 Rb8 16. e5 Qb7 17. exd6 exd6 18.
Ne4 b5 19. Ba2 c4 20. Qd2 Ne8 21. a5 Nef6 22. Nxd6 Qc7 23. Qb4 Rfd8 24. f5 Bf8
25. Bf4 g5 26. Bh2 Ne8 {0-1 (26) Caruso,A (2219)-Sarno,S (2373) Toscana 1999})
15... Rb8 16. Rab1 Qb7 17. b4 Qc8 18. b5 a5 19. Ne2 Qd8 20. Ng1 Kh8 21. Nf3 Nf6
22. Rbd1 e6 23. dxe6 fxe6 24. e5 Nfd5 25. exd6 Qxd6 26. Ng5 Rbe8 27. Bc1 Qd8
28. Qg3 Qf6 29. Bd3 Kg8 30. f5 gxf5 31. c4 f4 32. Bxh7+ Kh8 33. Qg4 Bh6 34. Ne4
Qg7 35. Bg6 Ne3 36. Bxe3 fxe3 37. Bxe8 Qxg4 38. Rxf8+ {
1-0 (38) Fedorovsky,M (2400)-Skinke,K (2170) Munich 2007}) 14... Qb8 15. e5 (
15. Rfb1 Qb7 16. b4 Bd4+ 17. Kh2 Nf6 18. bxc5 Bxc5 19. Be3 Bxe3 20. Qxe3 Rab8
21. Rb4 e6 22. Qd4 exd5 23. exd5 Nd7 24. Ne4 Ne8 25. Re1 Nc5 26. a5 b5 27. Nxc5
dxc5 28. Qxc5 Rc8 29. Qd4 Qc7 30. Bb3 Nd6 31. Qf6 Rfe8 32. Rxe8+ Rxe8 33. Rd4
Re1 34. Rd3 Nf5 35. d6 Qc5 36. Qxf7+ {
1-0 (36) Dilleigh,S (2135)-Hickman,J (2002) Paignton 2007}) 15... dxe5 16. d6
exd6 17. Qxd6 b5 18. axb5 Nb6 19. Qxc5 Nxc4 20. Qxc4 Nxb5 21. Nd5 {
1/2-1/2 (21) Okkes,M (2355)-Hendriks,W (2426) Netherlands 2007}) 13... Ne8 14.
Na3 a6 15. Qe2 Nc7 16. Rb1 Qc8 17. Bd2 Rb8 18. c3 Qb7 19. b4 cxb4 20. cxb4 b5
21. Bb3 e6 22. dxe6 Nxe6 23. Nc2 bxa4 24. Bxa4 Nf6 25. Rbe1 a5 26. Kh2 axb4 27.
Nxb4 Rfc8 28. e5 dxe5 29. fxe5 Nd7 30. Nd3 Ndc5 31. Nxc5 Rxc5 32. Qf3 Bxe5+ 33.
Kh1 Qxf3 34. Rxf3 Rb2 35. Rd3 h5 36. Be3 Ra5 37. Bc6 Bg3 38. Rf1 Re5 39. Bc1
Rf2 40. Rfd1 h4 41. Bf3 Bf4 42. Ba3 Re3 43. Rxe3 Bxe3 44. Re1 Bf4 45. Kg1 Ra2
46. Be7 Bg3 47. Rf1 Kg7 48. Bd5 Rd2 49. Bf6+ Kh6 50. Be4 Nf4 51. Ra1 Rf2 52.
Be7 Ne2+ 53. Kh1 Be5 54. Re1 Ng3+ 55. Kg1 Bd4 56. Kh2 Rf1 {
0-1 (56) Smeets, J (2311)-Avrukh,B (2598) Amsterdam 2001}) ({Black should
question White's domination in the centre with the well-timed pawn break:} 
11... e6 12. dxe6 fxe6 13. Rd1 ({In case of} 13. Be3 {
Black can restrict the activity of this bishop with} b6 {, something he will
not be able to do in the line from our main game. For instance} 14. Rad1 Qe7
15. Rd2 Kh8 16. a4 Rad8 17. Rfd1 Nh5 18. g3 Bxc3 19. bxc3 Nf6 {
1/2-1/2 Vasiesiu,D (2420)-Marin,M (2545)/Bucharest 1997/ EXT 2001}) 13... Qe7
14. e5 dxe5 15. Qxb7 Rab8 $1 (15... Nh5 $6 16. Nb5 $1) (15... Nfd5) (15... Rfb8
) 16. Qxa7 Rb4 17. Nb5 (17. Bxe6+ Qxe6 18. Qxc7 exf4 19. Qxc5 (19. Bxf4 $4 Ne8
$19) 19... Rc4 $44) 17... Nfe8 18. Bf1 (18. Bxe6+ Qxe6 19. Nxc7 Nxc7 20. Qxc7
exf4 $44 21. Qxc5 Bd4+ $1) 18... exf4 19. c3 Re4 20. Qb7 Re5 21. Nxc7 Nxc7 22.
Qf3 (22. a4 $5 {Mastrovasilis,D}) 22... Nd5 23. a4 Ne3 24. Rd2 (24. Re1 $2 Nxg2
$1 25. Rxe5 Nh4 $17) 24... Nf5 25. Rf2 Nh4 26. Qd1 (26. Qd3 Qg5) 26... Rd5 $11
{1-0 Mastrovasilis,D (2456)-Marin,M (2568)/Silivri 2003[Marin,M] (44)}) 12. a4
a6 (12... b6 13. Nb5 {-- why 11...Rb8 was bad}) 13. a5 b5 (13... e6 14. dxe6
Nxe6 15. Ne2 Nd4 16. Nxd4 cxd4 17. e5 Ne8 18. f5 $1 $36 {
Wahls,M-Strikovic,A/Zaragoza op 1996}) 14. axb6 Rxb6 15. Qd3 Nb5 $6 {
I don't know if I understand this line at all!} (15... e6 16. dxe6 (16. Na4 Rb8
17. dxe6 fxe6 18. e5 dxe5 19. Qxd8 Rbxd8 20. Nxc5 Nfd5 21. fxe5 Rxf1+ 22. Kxf1
Bxe5 23. c3 $16 {
[%csl Ya6,Ye6] 1-0 Wahls,M (2435)-Norwood,D (2405)/Baguio City 1987/EXT 97 (41)
}) 16... fxe6 17. Be3 $6 (17. Na4 $1 Rb8 18. e5 {
would transpose to the game Wahls-Norwood}) 17... Qe7 {1/2-1/2 (28) Pashikian,
A (2472)-Minasian,A (2574) Yerevan 2006 CBM 112 [Marin,M]} (17... Rxb2 $5 18.
e5 dxe5 19. Bxc5 Qxd3 20. cxd3 Rf7 $13)) (15... Qb8 16. Ra2 Nb5 17. Bd2 Ne8 18.
Ne2 Nec7 19. c3 $14 {
1-0 Berescu,A (2400)-Dzhumaev,M (2495)/Kavala 2003/CBM 095 ext (39)}) (15...
Nd7 $5 {(Marin)} 16. Ra2 Rb4 17. Nd1 (17. Bxa6 $5 Nxa6 18. Rxa6 Qb8 {
[%cal Yb8b7,Yf7f5]}) 17... Nb6 18. c3 $6 (18. Ne3 Bd4 19. Bxa6 f5 $5 {
[%csl Yd5]}) 18... Rxc4 19. b3 Rxe4 $1 20. Qxe4 Nbxd5 $15 {
1-0 Bellia,F (2390)-Todorcevic,M (2463)/Las Palmas 2005/CBM 109 ext (40)}) 16.
Nd1 (16. Bd2 $14 Nc7 17. b3 e6 18. Ra5 Re8 19. Kh1 Qe7 20. Na4 Rbb8 21. Nxc5
exd5 22. exd5 dxc5 23. d6 {1-0 (33) Matros,A (2400)-Odesskij,I Moscow 1994})
16... Nd7 17. c3 Qc8 18. Kh1 Rb8 19. Ba2 Nb6 20. Ne3 Nc7 21. f5 Nd7 22. Ng4 Ne5
23. Qg3 Ne8 24. Qh4 Nf6 $2 $18 25. Nxe5 dxe5 26. Bc4 (26. d6) 26... Rb6 27. b3
Qb7 28. Bg5 Rd6 29. Ra5 Rc8 30. fxg6 hxg6 31. Rfa1 Ra8 32. Rxc5 Nd7 33. Rc6 (
33. Rca5) (33. Bxe7 Nxc5 34. Bxd6 Nxb3 35. Rd1 Rc8 36. Be2) 33... Nb6 (33...
Rxc6 $2 34. dxc6 Qxc6 35. Bd5 Qxc3 36. Rc1) 34. Rxd6 (34. Rc5) 34... exd6 35.
Be2 a5 36. Qg3 Nd7 37. b4 $6 axb4 38. Rxa8+ Qxa8 39. cxb4 Qa1+ 40. Kh2 Qb1 (
40... Qd4) 41. Qg4 Nf6 42. Qc8+ Kh7 43. Bxf6 Bxf6 44. Qf8 Qxe4 45. Qxf7+ Bg7
46. Qf3 Qxb4 47. Bd3 Qf4+ {"Â1/2-Â1/2?"} 48. Qxf4 exf4 49. h4 Kh6 50. Kh3 g5
51. Kg4 1/2-1/2

[Event "Mechanics' Spring TNM; G/2 d5"]
[Site "San Francisco"]
[Date "2018.04.24"]
[Round "6.8"]
[White "Chambers, Ezra Pau"]
[Black "Argo, Guy"]
[Result "1-0"]
[WhiteElo "2277"]
[BlackElo "1951"]
[Annotator "Donaldson"]
[PlyCount "71"]
[EventDate "2018.??.??"]
[Source "ChessBase"]
[SourceDate "2007.09.04"]

1. e4 d6 2. d4 Nf6 3. Nc3 Nbd7 4. g4 e5 5. dxe5 Nxe5 6. h3 c6 7. f4 Ng6 8. Nf3
Be7 9. f5 Ne5 10. Nxe5 dxe5 11. Qf3 Bb4 12. Bd2 b5 13. O-O-O Qc7 14. Kb1 a5 15.
h4 Bb7 16. g5 Nd7 17. f6 g6 18. h5 O-O-O 19. Qh3 Kb8 20. hxg6 fxg6 21. a3 Bd6 {
Diagram [#]} 22. Bxb5 $1 Bxa3 (22... cxb5 23. Nxb5 Qc6 24. Nxd6 Qxd6 25. Bxa5
Qc6 26. Bxd8 Rxd8 27. f7 Bc8 28. Qb3+ Ka7 29. Qb4 $18) 23. Nd5 $1 cxd5 24. Qxa3
Rc8 25. c4 (25. Bxa5) 25... dxc4 26. Bxa5 Nb6 27. Qe3 (27. Rd6 $1) 27... Qc5
28. Qxc5 Rxc5 29. Bxb6 Bxe4+ 30. Kc1 Rxb5 31. Rd8+ Rxd8 32. Bxd8 c3 (32... Bd5
33. Rxh7) 33. bxc3 Rb1+ 34. Kd2 Rxh1 35. f7 Rf1 36. Bf6 1-0

[Event "Mechanics' Spring TNM; G/2 d5"]
[Site "San Francisco"]
[Date "2018.03.27"]
[Round "2.5"]
[White "Chambers, Ezra Pau"]
[Black "Ash, Richard D"]
[Result "1-0"]
[WhiteElo "2277"]
[BlackElo "1733"]
[Annotator "Donaldson"]
[PlyCount "63"]
[EventDate "2018.??.??"]
[Source "ChessBase"]
[SourceDate "2007.09.04"]

1. e4 e5 2. Nf3 Nc6 3. Bb5 Nf6 4. d3 d6 5. O-O Be7 6. d4 Bd7 7. d5 Nb8 8. Bxd7+
Nbxd7 9. Qe2 Nc5 10. Nfd2 Qc8 (10... a5) 11. b4 Na4 12. Nb3 c6 13. c4 O-O 14.
Bd2 cxd5 15. exd5 $6 (15. cxd5) 15... Qd7 (15... b5 $1) 16. Nc3 Rfc8 17. Nxa4
Qxa4 18. f4 Qe8 19. Na5 (19. fxe5) 19... Rab8 20. fxe5 $16 dxe5 21. Rf5 Nd7 22.
Raf1 f6 23. Kh1 $6 Nb6 24. d6 Bxd6 25. c5 Bxc5 26. bxc5 Rxc5 27. Nb3 Rc2 28.
Qe4 Rxa2 29. Qb1 Ra4 30. R1f2 Qb5 31. Rh5 Qxb3 $4 (31... g6 $15) 32. Qxb3+ 1-0

[Event "Mechanics' Spring TNM; G/2 d5"]
[Site "San Francisco"]
[Date "2018.05.08"]
[Round "8.3"]
[White "Chambers, Ezra Pau"]
[Black "Kuczek, Kevin W"]
[Result "1-0"]
[WhiteElo "2277"]
[BlackElo "1916"]
[PlyCount "75"]
[EventDate "2018.??.??"]
[Source "ChessBase"]
[SourceDate "2007.09.04"]

1. e4 e5 2. Nf3 Nc6 3. Nc3 Nf6 4. a3 d5 5. Bb5 d4 6. Ne2 Nxe4 7. d3 Nf6 8. Nxe5
Qd5 9. Bxc6+ bxc6 10. Nf3 c5 11. O-O Bd6 12. c4 Qc6 13. Bg5 Ng4 14. h3 Ne5 15.
Nxe5 Bxe5 16. f4 Bb7 17. Rf2 Bd6 18. f5 f6 19. Bf4 g5 20. Bxd6 Qxd6 21. b4
O-O-O 22. bxc5 Qxc5 23. Rb1 Rd6 24. Rb5 Qxa3 25. c5 Rd5 26. Qb1 Qa6 27. Ng3 Re8
28. Ne4 Rde5 29. Ra2 Qc6 30. Rxa7 Ba6 31. Rb8+ Kd7 32. Rb6 Rxe4 33. dxe4 Qxc5
34. Rbxa6 d3+ 35. Kh1 Rxe4 36. Qxd3+ Rd4 37. Qb1 Rb4 38. Qe1 1-0